Statistics for Taylor swift (Debut)- A to Z

Click here to take the quiz!

General Stats

  • This quiz has been taken 18 times
  • The average score is 11 of 14

Answer Stats

Answer% Correct
PPicture to burn
100%
A place in this world
92%
OOur song
92%
SShould've said no
92%
Tim McGraw
92%
CCold as you
83%
Invisible
83%
MMary's song(Oh My My My)
75%
Stay beautiful
75%
TTeardrops on my guitar
75%
The outside
75%
AA Perfectly good heart
67%
II'm only me when I'm with you
67%
Tied together with a smile
67%

Score Distribution

Percentile by Number Answered

Percent of People with Each Score

Your Score History

You have not taken this quiz